Manual de la postura : 40 ejercicios fáciles para una vida plena y sin dolor /

Bibliographic Details
Main Author: Pavilack, Lora (Author)
Other Authors: Villena Sánchez, Beatriz (Translator)
Format: Electronic eBook
Language:Spanish
English
Published: Barcelona : Paidotribo, [2018]
Edition:Primera edición.
Subjects:
Online Access:Digitalia Hispánica

MARC

LEADER 00000nam a2200000Ii 4500
001 DIGEDPBR0208
003 NyNyDIG
006 m o d
007 cr |||||||||||
008 260105s2018 sp a ob 001 0 spa d
035 |a (OCoLC)1570096640 
040 |a DGITA  |b eng  |e rda  |e pn  |c DGITA 
020 |a 9788499107585  |q ePub 
020 |z 9788499107134 
041 1 |a spa  |h eng 
050 1 4 |a RA781 ebook 
100 1 |a Pavilack, Lora,  |e author. 
240 1 0 |a Pain-free posture handbook.  |l Spanish  |s (Villena Sánchez) 
245 1 0 |a Manual de la postura :  |b 40 ejercicios fáciles para una vida plena y sin dolor /  |c Lora Pavilack, Nikki Alstedter ; traducción, Beatriz Villena. 
250 |a Primera edición. 
264 1 |a Barcelona :  |b Paidotribo,  |c [2018] 
300 |a 1 online resource :  |b illustrations. 
336 |a text  |b txt  |2 rdacontent 
337 |a computer  |b c  |2 rdamedia 
338 |a online resource  |b cr  |2 rdacarrier 
347 |a text file  |2 rdaft 
347 |b EPUB 
504 |a Includes bibliographical references and index. 
588 0 |a Online resource; title from ePub title page (Digitalia, viewed January 5, 2026) 
650 0 |a Posture. 
650 0 |a Back exercises. 
650 0 |a Backache  |x Exercise therapy. 
700 1 |a Villena Sánchez, Beatriz,  |e translator.  
700 1 |i Translation of:  |a Pavilack, Lora.  |t Pain-free posture handbook. 
791 2 |a Digitalia (Firm),  |e distributor. 
793 0 |g Digitalia eBook Collection:  |a Editorial Paidotribo 
776 0 8 |i Print version:  |a Pavilack, Lora.  |s Pain-free posture handbook. Spanish (Villena Sánchez).  |t Manual de la postura.  |b Primera edición.  |d Barcelona : Paidotribo, [2018]  |z 9788499107134 
856 4 0 |3 Digitalia Hispánica  |u https://www.digitaliapublishing.com/a/159857/ 
910 |a Premium collection: 2026